Score 0/70 Timer 08:00
0 Plays Today
% Correct
Harry Potter
99%
Harry Potter
99%
Harry Potter
99%
Harry Potter
99%
Harry Potter
99%
Harry Potter
99%
Harry Potter
99%
Ron Weasley
98.6%
Ron Weasley
98.6%
Ron Weasley
98.6%
Ron Weasley
98.6%
Ron Weasley
98.6%
Ron Weasley
98.6%
Ron Weasley
98.6%
Hermione Granger
97.9%
Hermione Granger
97.9%
Hermione Granger
97.9%
Hermione Granger
97.9%
Hermione Granger
97.9%
Hermione Granger
97.9%
Albus Dumbledore
97.5%
Albus Dumbledore
97.5%
Albus Dumbledore
97.5%
Ginny Weasley
88%
Ginny Weasley
88%
Ginny Potter
88%
Sirius Black
87.7%
Lord Voldemort
87.2%
Severus Snape
87.2%
Rubeus Hagrid
82.5%
Rubeus Hagrid
82.5%
Rubeus Hagrid
82.5%
Rubeus Hagrid
79.9%
Fred Weasley
79%
Fred Weasley
79%
% Correct
Fred Weasley
79%
George Weasley
78.7%
George Weasley
78.7%
James Sirius Potter
78.4%
Draco Malfoy
77.4%
Albus Severus Potter
76.6%
Remus Lupin
75.3%
Lily Luna Potter
74.1%
Dudley Dursley
73.7%
Dudley Dursley
73.7%
Dudley Dursley
73.7%
Molly Weasley
73.3%
Molly Weasley
73.3%
Molly Weasley
73.3%
Molly Weasley
73.3%
Vernon Dursley
71.8%
Vernon Dursley
71.8%
Vernon Dursley
71.8%
Vernon Dursley
71.8%
Petunia Dursley
70.1%
Petunia Dursley
70.1%
Arthur Weasley
68.7%
Arthur Weasley
68.7%
Percy Weasley
56.7%
Alastor 'Mad-Eye' Moody
56.4%
Bill Weasley
54.7%
Rose Weasley
50.8%
Hedwig
48%
Fleur Delacour
44.2%
Hugo Weasley
41.9%
Gregory Goyle
24.4%
Crookshanks
20.2%
Peeves
14.1%
Penelope Clearwater
12%
Grawp
10.3%
Remove Ads.
Support Sporcle.
Get the best of Sporcle when you Go Orange. This ad-free experience offers more features, more stats, and more fun while also helping to support Sporcle. Thank you for becoming a member.

You're not logged in!

Compare scores with friends on all Sporcle quizzes.
OR
Log In

Show Comments

Extras

Top Quizzes Today


Score Distribution

Your Account Isn't Verified!

In order to create a playlist on Sporcle, you need to verify the email address you used during registration. Go to your Sporcle Settings to finish the process.

Report this User

Report this user for behavior that violates our Community Guidelines.

Details: